000 00691nam a22001577a 4500
003 macl
005 20231105132200.0
008 231105b |||||||| |||| 00| 0 eng d
040 _cmacl
082 _a333
100 _aगुप्‍ता ,संजय
_978630
245 _aमुुख्‍य परीक्षा दर्पण मध्‍य प्रदेश लोक सेवा आयोग ऊर्जा एवं पर्यावरण प्रश्‍न पत्र -3 इकाई -8 9
260 _aग्‍वालियार
_bनिर्माण IAS प्रकाशन
_c2020
650 _aपर्यावरण
_936465
942 _2ddc
_cHIN
999 _c66323
_d66323